[Event "Baltic Zonal III Stage 2018"]
[Site "Liepaja"]
[Date "2018.07.15"]
[Round "9"]
[White "Haavamae, Henrik"]
[Black "Klabis, Rokas"]
[Result "1-0"]
[WhiteElo "2185"]
[BlackElo "2347"]
[Annotator "NA"]
[PlyCount "95"]
[EventDate "2018.07.09"]
[EventType "swiss"]
[EventCountry "LAT"]
[SourceTitle "playchess.com"]
[Source "ChessBase"]
[SourceQuality "1"]
[TimeControl "5400+30"]

1. e4 {[%emt 0:01:42]} e5 {[%emt 0:00:00]} 2. Nf3 {[%emt 0:00:07]} Nc6 {[%emt 0:00:00]} 3. Bb5 {[%emt 0:00:05]} Nf6 {[%emt 0:00:11]} 4. O-O {[%emt 0:00:08]} Nxe4 {[%emt 0:00:49]} 5. Qe2 {[%emt 0:00:16]} Ng5 {[%emt 0:00:37]} 6. Nxg5 {[%emt 0:12:11]} Qxg5 {[%emt 0:00:06]} 7. d4 {[%emt 0:00:30]} Qf5 {[%emt 0:00:16]} 8. Bxc6 {[%emt 0:02:02]} dxc6 {[%emt 0:00:09]} 9. Qxe5+ {[%emt 0:00:34]} Qxe5 {[%emt 0:00:05]} 10. dxe5 {[%emt 0:00:06]} Bf5 {[%emt 0:04:29]} 11. c3 {[%emt 0:00:52]} O-O-O {[%emt 0:03:57]} 12. Nd2 {[%emt 0:03:55]} Bc5 {[%emt 0:07:56]} 13. Nb3 {[%emt 0:06:52]} Bb6 {[%emt 0:11:30]} 14. Bg5 {[%emt 0:10:31]} Rde8 {[%emt 0:06:52]} 15. Rfe1 {[%emt 0:04:04]} h6 {[%emt 0:00:50]} 16. Bd2 {[%emt 0:02:06]} Bd3 {[%emt 0:04:30]} 17. Rad1 {[%emt 0:05:21]} c5 {[%emt 0:21:21]} 18. Bf4 {[%emt 0:04:40]} c4 {[%emt 0:01:43]} 19. Nd4 {[%emt 0:04:11]} g5 {[%emt 0:02:16]} 20. Bc1 {[%emt 0:05:19]} Re7 {[%emt 0:02:27]} 21. g4 {[%emt 0:07:53]} Rhe8 {[%emt 0:10:12]} 22. Nf3 {[%emt 0:00:20]} Re6 {[%emt 0:00:48]} 23. Kg2 {[%emt 0:01:17]} f6 {[%emt 0:08:03]} 24. exf6 {[%emt 0:01:24]} Be4 {[%emt 0:00:09]} 25. f7 {[%emt 0:02:44]} Rf8 {[%emt 0:00:19]} 26. Kg1 {[%emt 0:02:10]} Rxf7 {[%emt 0:00:41]} 27. Nd4 {[%emt 0:00:12]} Bxd4 {[%emt 0:06:58]} 28. Rxd4 {[%emt 0:01:08]} Rfe7 {[%emt 0:00:03]} 29. f4 {[%emt 0:07:01]} c5 {[%emt 0:02:46]} 30. Rxc4 {[%emt 0:01:00]} b6 {[%emt 0:00:04]} 31. fxg5 {[%emt 0:01:11]} Bd3 {[%emt 0:02:04]} 32. Rxe6 {[%emt 0:00:11]} Rxe6 {[%emt 0:00:05]} 33. Rf4 {[%emt 0:00:26]} Re1+ {[%emt 0:01:12]} 34. Kg2 {[%emt 0:00:13]} Rxc1 {[%emt 0:00:19]} 35. gxh6 {[%emt 0:00:10]} Re1 {[%emt 0:01:11]} 36. Rf7 {[%emt 0:04:17]} Kd8 {[%emt 0:01:03]} 37. h7 {[%emt 0:00:16]} Re8 {[%emt 0:00:03]} 38. Rxa7 {[%emt 0:00:11]} Be4+ {[%emt 0:00:03]} 39. Kg3 {[%emt 0:00:41]} Rh8 {[%emt 0:00:03]} 40. Kf4 {[%emt 0:01:26]} Rxh7 {[%emt 0:00:22]} 41. Rxh7 {[%emt 0:00:05]} Bxh7 {[%emt 0:00:03]} 42. Kg5 {[%emt 0:01:32]} Ke7 {[%emt 0:00:04]} 43. Kh6 {[%emt 0:00:28]} Bg8 {[%emt 0:03:12]} 44. Kg7 {[%emt 0:00:08]} Bxa2 {[%emt 0:00:23]} 45. h4 {[%emt 0:00:06]} Be6 {[%emt 0:01:00]} 46. g5 {[%emt 0:00:05]} Bg4 {[%emt 0:00:03]} 47. g6 {[%emt 0:00:24]} Bh5 {[%emt 0:00:44]} 48. Kh7 {[%emt 0:00:18]} 1-0

[Event "Baltic Zonal III Stage 2018"]
[Site "Liepaja"]
[Date "2018.07.15"]
[Round "9"]
[White "Vicas, Marijus"]
[Black "Pedoson, Georg Aleksander"]
[Result "1/2-1/2"]
[WhiteElo "2183"]
[BlackElo "2176"]
[Annotator "NA"]
[PlyCount "114"]
[EventDate "2018.07.09"]
[EventType "swiss"]
[EventCountry "LAT"]
[SourceTitle "playchess.com"]
[Source "ChessBase"]
[SourceQuality "1"]
[TimeControl "5400+30"]

1. e4 {[%emt 0:00:04]} e5 {[%emt 0:00:00]} 2. Nf3 {[%emt 0:00:06]} Nf6 {[%emt 0:00:00]} 3. Nxe5 {[%emt 0:00:29]} d6 {[%emt 0:00:00]} 4. Nf3 {[%emt 0:00:04]} Nxe4 {[%emt 0:00:00]} 5. Nc3 {[%emt 0:00:05]} Nxc3 {[%emt 0:00:04]} 6. dxc3 {[%emt 0:00:05]} Be7 {[%emt 0:00:24]} 7. Be3 {[%emt 0:02:54]} Nc6 {[%emt 0:05:08]} 8. Qd2 {[%emt 0:00:27]} a6 {[%emt 0:01:56]} 9. O-O-O {[%emt 0:00:38]} Be6 {[%emt 0:00:15]} 10. Kb1 {[%emt 0:01:05]} Qd7 {[%emt 0:01:45]} 11. Be2 {[%emt 0:01:04]} O-O-O {[%emt 0:03:55]} 12. Nd4 {[%emt 0:06:16]} Bf6 {[%emt 0:06:42]} 13. Nxe6 {[%emt 0:03:02]} fxe6 {[%emt 0:00:50]} 14. f4 {[%emt 0:00:26]} Rhe8 {[%emt 0:02:03]} 15. g4 {[%emt 0:02:05]} g6 {[%emt 0:02:14]} 16. h4 {[%emt 0:06:40]} e5 {[%emt 0:04:10]} 17. h5 {[%emt 0:00:14]} exf4 {[%emt 0:07:16]} 18. Bxf4 {[%emt 0:00:06]} Ne5 {[%emt 0:01:11]} 19. g5 {[%emt 0:01:44]} Bg7 {[%emt 0:00:35]} 20. hxg6 {[%emt 0:07:28]} hxg6 {[%emt 0:00:06]} 21. Qd4 {[%emt 0:00:35]} Nc6 {[%emt 0:05:39]} 22. Qd3 {[%emt 0:00:51]} Be5 {[%emt 0:00:57]} 23. Bc1 {[%emt 0:01:02]} Bh8 {[%emt 0:02:20]} 24. Bf1 {[%emt 0:03:31]} Ne5 {[%emt 0:00:51]} 25. Qe4 {[%emt 0:08:51]} Qc6 {[%emt 0:05:09]} 26. Qxc6 {[%emt 0:02:53]} Nxc6 {[%emt 0:00:05]} 27. Rh6 {[%emt 0:01:27]} Ne5 {[%emt 0:01:27]} 28. Bf4 {[%emt 0:08:17]} Rg8 {[%emt 0:03:25]} 29. Bh3+ {[%emt 0:01:53]} Kb8 {[%emt 0:00:05]} 30. Be6 {[%emt 0:02:21]} Rge8 {[%emt 0:00:10]} 31. Bxe5 {[%emt 0:10:05]} dxe5 {[%emt 0:01:21]} 32. Rxd8+ {[%emt 0:00:04]} Rxd8 {[%emt 0:00:04]} 33. a3 {[%emt 0:00:04]} e4 {[%emt 0:02:52]} 34. Rxg6 {[%emt 0:00:18]} e3 {[%emt 0:00:07]} 35. Bc4 {[%emt 0:00:21]} Re8 {[%emt 0:02:12]} 36. Kc1 {[%emt 0:00:42]} Bxc3 {[%emt 0:00:54]} 37. bxc3 {[%emt 0:03:00]} e2 {[%emt 0:00:04]} 38. Bxe2 {[%emt 0:00:09]} Rxe2 {[%emt 0:00:03]} 39. Rg8+ {[%emt 0:02:08]} Ka7 {[%emt 0:00:05]} 40. g6 {[%emt 0:00:34]} Rg2 {[%emt 0:00:06]} 41. Kb2 {[%emt 0:06:05]} Kb6 {[%emt 0:01:15]} 42. Kb3 {[%emt 0:00:45]} Rg4 {[%emt 0:00:18]} 43. c4 {[%emt 0:02:33]} Rg3+ {[%emt 0:00:56]} 44. c3 {[%emt 0:03:10]} Rg2 {[%emt 0:01:31]} 45. Rg7 {[%emt 0:00:33]} Kc6 {[%emt 0:00:23]} 46. a4 {[%emt 0:01:45]} a5 {[%emt 0:02:37]} 47. Rg8 {[%emt 0:00:29]} b6 {[%emt 0:00:27]} 48. Rg7 {[%emt 0:00:13]} Kb7 {[%emt 0:01:16]} 49. Rg8 {[%emt 0:00:30]} Kc6 {[%emt 0:00:11]} 50. g7 {[%emt 0:00:37]} Kc5 {[%emt 0:00:20]} 51. Rd8 {[%emt 0:00:29]} Rxg7 {[%emt 0:00:18]} 52. Rd5+ {[%emt 0:00:07]} Kc6 {[%emt 0:00:03]} 53. Rh5 {[%emt 0:00:12]} Rg1 {[%emt 0:00:21]} 54. Rh6+ {[%emt 0:00:25]} Kc5 {[%emt 0:01:00]} 55. Rh5+ {[%emt 0:00:04]} Kc6 {[%emt 0:00:05]} 56. Rh6+ {[%emt 0:00:04]} Kc5 {[%emt 0:00:06]} 57. Rh5+ {[%emt 0:00:02]} Kc6 {[%emt 0:00:08]} 1/2-1/2